00400nam a2200121Ia 4500008004100000100001400041245009000055245004000145260000900185300000900194650001300203856006200216170221s9999 xx 000 0 und d aLimei Che aGovernance Structure and Firm Performance in Private Family Firms (pages 1216–1250) cLimei Che and John Christian Langli c2013 a12 : xBusiness uhttp://onlinelibrary.wiley.com/doi/10.1111/jbfa.12170/pdf